IT sector (Record no. 404818)

000 -LEADER
fixed length control field 00312cam a22001097a 4500
008 - FIXED-LENGTH DATA ELEMENTS--GENERAL INFORMATION
fixed length control field 180718b2001 xxu||||| |||| 00| 0 eng d
020 ## - INTERNATIONAL STANDARD BOOK NUMBER
International Standard Book Number 8178810379
245 ## - TITLE STATEMENT
Title IT sector
Statement of responsibility, etc. edited by A.V. Vedpuriswar
260 ## - PUBLICATION, DISTRIBUTION, ETC.
Place of publication, distribution, etc. Hyderabad
Name of publisher, distributor, etc. ICFAI Univ. Press
Date of publication, distribution, etc. 2001
500 ## - GENERAL NOTE
General note Contents: v.1. 194p.
700 ## - ADDED ENTRY--PERSONAL NAME
Personal name Vedpuriswar, A.V.
Holdings
Withdrawn status Lost status Damaged status Not for loan Permanent Location Current Location Date acquired Barcode Date last seen Price effective from Koha item type
        Indian Institute of Public Administration Indian Institute of Public Administration 2005-12-13 80738 2018-07-21 2018-07-21 Book

Powered by Koha